| 000 | 01045cam a2200289 i 4500 | ||
|---|---|---|---|
| 001 | bg | ||
| 003 | KOSZ 005 | ||
| 005 | 20190719115240.0 | ||
| 008 | 970510s1993 pl a f f |000 0 pol | ||
| 015 | _aPB 1994/2489 | ||
| 020 | _a8385912231 | ||
| 040 |
_aWA N _cKOSZ 005/HR _dKOSZ 005/HR |
||
| 080 | _a621.317 | ||
| 080 | _a(075.8) | ||
| 245 | 0 | 0 |
_aZbiór zadań z podstaw miernictwa : _bpraca zbiorowa / _cpod red. Henryka Gierasimowicza ; [aut.] Jacek Dusza [et al.]. |
| 250 | _a[Wyd. 2]. | ||
| 260 |
_aWarszawa : _bOficyna Wydawnicza Politechniki Warszawskiej, _c1993. |
||
| 300 |
_a114, [1] s. : _brys., wykr. ; _c24 cm. |
||
| 504 | _aBibliogr. s. [115]. | ||
| 650 | 4 |
_aElektrotechnika _xpomiary. |
|
| 655 | 4 | _aPodręczniki akademickie | |
| 700 | 1 |
_aGierasimowicz, Henryk. _eRed. |
|
| 700 | 1 | _aDusza, Jacek. | |
| 710 | 2 |
_aPolitechnika Warszawska. _bOficyna Wydawnicza. _4pbl. |
|
| 856 |
_uhttp://koha.tu.koszalin.pl/cgi-bin/koha/opac-detail.pl?biblionumber=44119 _yKatalog online BPK |
||
| 942 |
_2UKD _cKS |
||
| 999 |
_c44119 _d44119 |
||